| 000 | 00992nam a22003017i 4500 | ||
|---|---|---|---|
| 003 | DO-SdBNP | ||
| 005 | 20250630141202.0 | ||
| 007 | ta | ||
| 008 | 210827e2017 dr ||||gr|||| 001 f spa d | ||
| 020 | _a9789945087994 | ||
| 040 |
_aDO-SdBNP _bspa _cBNPHU _erda |
||
| 041 | _aspa | ||
| 082 | 4 |
_axxx _bM878t _222 |
|
| 100 | 1 |
_aMorrison, Mateo, _d1947- _eautor _4aut. _91469 |
|
| 245 | 1 | 3 |
_aTerreno de eros : _blíquidas formas del gozo / _cMateo Morrison ; editor, Zaymis Mejía |
| 264 | 4 |
_aSanto Domingo : _bEditora Búho, _c©2017 |
|
| 300 |
_a69 páginas ; _c22 cm |
||
| 336 |
_atexto _btxt _2rdacontent |
||
| 337 |
_asin mediación _bn _2rdamedia |
||
| 338 |
_avolumen _bnc _2rdacarrier |
||
| 500 | _aIncluye biografía del autor en las solapas | ||
| 590 | _aInventariado 2021 / MF | ||
| 650 | 4 |
_aLiteratura _zRepública Dominicana _980984 |
|
| 650 | 4 |
_aPoesía Erótica _zRepública Dominicana _982650 |
|
| 700 | 1 |
_aMejía, Zaymis, _eeditor _943139 |
|
| 910 | _aMFeliz | ||
| 942 |
_2ddc _cLBS1 |
||
| 999 |
_c50309 _d50309 |
||